[Event "Pardubice op rapid 29th"]
[Site "Pardubice"]
[Date "2018.07.18"]
[Round "1"]
[White "Lushnikov, Evgeny"]
[Black "Tomek, Karel"]
[Result "1-0"]
[WhiteElo "2136"]
[BlackElo "1785"]
[PlyCount "69"]
[EventDate "2018.07.18"]
[EventType "swiss (rapid)"]
[EventRounds "9"]
[EventCountry "CZE"]
[SourceTitle "CBM 185 Extra"]
[Source "ChessBase"]
[SourceDate "2018.07.29"]
[SourceVersion "1"]
[SourceVersionDate "2018.07.29"]
[SourceQuality "1"]

1. e4 c5 2. Nf3 Nc6 3. Bb5 d6 4. 0-0 Bd7 5. Re1 e5 6. c3 Nf6 7. d4 Be7 8. dxc5 dxc5 9. Na3 Qc7 10. Nc4 0-0-0 11. Qc2 Be6 12. Bg5 h6 13. Bh4 g5 14. Bg3 Nd7 15. Bxc6 Qxc6 16. Ncxe5 Nxe5 17. Nxe5 Qa6 18. a4 h5 19. h3 h4 20. Bh2 Bd6 21. Rad1 Qb6 22. b4 c4 23. a5 Qc7 24. Nf3 g4 25. hxg4 Bxg4 26. Bxd6 Rxd6 27. Rxd6 Qxd6 28. e5 Qc7 29. Qe4 Be6 30. Nxh4 Qe7 31. Nf5 Bxf5 32. Qxf5+ Kb8 33. e6 Qh4 34. Qe5+ Ka8 35. Qxh8+ 1-0

[Event "Pardubice op rapid 29th"]
[Site "Pardubice"]
[Date "2018.07.18"]
[Round "3"]
[White "Tomek, Karel"]
[Black "Haase, Pavel"]
[Result "0-1"]
[WhiteElo "1785"]
[BlackElo "1994"]
[PlyCount "92"]
[EventDate "2018.07.18"]
[EventType "swiss (rapid)"]
[EventRounds "9"]
[EventCountry "CZE"]
[SourceTitle "CBM 185 Extra"]
[Source "ChessBase"]
[SourceDate "2018.07.29"]
[SourceVersion "1"]
[SourceVersionDate "2018.07.29"]
[SourceQuality "1"]

1. d4 Nf6 2. Nf3 e6 3. e3 b6 4. Bd3 Bb7 5. 0-0 Be7 6. Nbd2 0-0 7. b3 c5 8. Bb2 d6 9. c4 Nbd7 10. Rc1 Re8 11. e4 cxd4 12. Bxd4 Nc5 13. Bxc5 bxc5 14. Qc2 Qc7 15. Rfe1 Nd7 16. e5 dxe5 17. Bxh7+ Kh8 18. Be4 Bxe4 19. Rxe4 f5 20. Ree1 g5 21. Kf1 Bf6 22. Ng1 e4 23. g3 Ne5 24. h3 Nd3 25. Re3 Nxc1 26. Qxc1 Bd4 27. Re2 Rad8 28. Kg2 Qg7 29. Nf1 Bf6 30. Qc2 Qd7 31. Rd2 Qb7 32. Kh2 Rxd2 33. Qxd2 Rd8 34. Qe3 Qc6 35. h4 f4 36. gxf4 Rd3 37. Qe2 gxf4 38. Qh5+ Kg7 39. Qg4+ Kf7 40. h5 e5 41. Nh3 Qe6 42. Qg2 Ke7 43. h6 Bh8 44. h7 Qh6 45. Qg5+ Qxg5 46. Nxg5 e3 0-1

[Event "Pardubice op rapid 28th"]
[Site "Pardubice"]
[Date "2017.07.19"]
[Round "2"]
[White "Tomek, Karel"]
[Black "Chigaeva, Anastasia"]
[Result "1/2-1/2"]
[WhiteElo "1764"]
[BlackElo "2186"]
[PlyCount "103"]
[EventDate "2017.07.19"]
[EventType "swiss (rapid)"]
[EventRounds "9"]
[EventCountry "CZE"]
[SourceTitle "CBM 179 Extra"]
[Source "ChessBase"]
[SourceDate "2017.08.23"]
[SourceVersion "1"]
[SourceVersionDate "2017.08.23"]
[SourceQuality "1"]

1. d4 d5 2. Nf3 c6 3. e3 Nf6 4. h3 Bf5 5. Bd3 Bg6 6. 0-0 e6 7. b3 Nbd7 8. Bb2 Bd6 9. Ne5 0-0 10. Nd2 Qc7 11. f4 Bxe5 12. fxe5 Ne4 13. Rf4 Nxd2 14. Qxd2 Bxd3 15. Qxd3 f6 16. Rh4 g6 17. Ba3 Rf7 18. Bd6 Qd8 19. Rf1 f5 20. Rhf4 Rc8 21. Kh2 Qa5 22. a4 c5 23. g4 Rg7 24. gxf5 gxf5 25. Rg1 Rxg1 26. Kxg1 Kf7 27. Qe2 Rg8+ 28. Kh2 Rg6 29. Rh4 Kg7 30. Rf4 cxd4 31. exd4 Qc3 32. Qf2 Nb6 33. Rf3 Qc6 34. Rg3 Nc8 35. Bb4 Kf7 36. Rxg6 hxg6 37. Qd2 b6 38. c3 a5 39. Ba3 Qe8 40. Qg5 Qh8 41. b4 Qg7 42. bxa5 bxa5 43. Bc5 Qh8 44. Kg3 Qg7 45. Kf4 Ke8 46. h4 Kd7 47. h5 Ne7 48. Bxe7 Qxe7 49. Qxe7+ Kxe7 50. hxg6 Kf8 51. Kg5 Kg7 52. Kh5 1/2-1/2